Responses for show #7740 - Friday, April 13, 2018

2018 College Championship quarterfinal game 5.

Contestants

[<< previous game]

Eric Thorpe, a senior at Dartmouth College from Laguna Niguel, California

Alli Ross, a sophomore at Worcester Polytechnic Institute from Shrewsbury, Massachusetts

Patricia Jia, a senior at the University of Pennsylvania from Fremont, California

[next game >>]

Jeopardy! Round responses

THE GREEK SYSTEM
THEIR DEBUT ALBUMS
SNACK CHAT
THE OCEANS
GIVE IT THE OLD COLLEGE "TRI"
WE MADE THAT THING
    $200 22
Pythagoras

Patricia
    $200 5
(Patricia: Who is Taylor Swift?)

Adele

PatriciaAlli
    $200 10
hummus

Patricia
    $200 27
the Atlantic

Alli
    $200 14
the triceratops

Alli
    $200 26
Microsoft

Alli
    $400 23
laws

Alli
    $400 2
Ed Sheeran

Alli
    $400 9
ants on a log

Alli
    $400 19
sea spiders

Eric
    $400 13
a tribunal

Eric
    $400 25
Gillette

Alli
    $600 28
heliocentric

Patricia
    $600 1
Imagine Dragons

Triple Stumper
    $600 6
Nutella

Patricia
    $1,600 20
(Eric: What is the Indian Ocean?)

the Arctic Ocean

Eric
    $600 11
Triumph the Insult Comic Dog

Triple Stumper
    $600 16
Johnson & Johnson

Triple Stumper
    $800 29
mu

Alli
    $800 3
Maroon 5

Patricia
    $800 7
Little Debbie

Alli
    $800 24
Magellan

Alli
    $800 12
trifle

Alli
    $800 17
Hasbro

Eric
    $1000 30
polis

Triple Stumper
    $1000 4
The Killers

Triple Stumper
    $1000 8
Worcestershire sauce

Eric
    $1000 21
(Eric: What is a deep sea trench?)

an ocean current

Eric
Triple Stumper
    $1000 15
tripe

Patricia
    $1000 18
3M

Alli

Scores at the first commercial break (after clue 15):

Patricia Alli Eric
$2,400 $2,800 $1,400

Scores at the end of the Jeopardy! Round:

Patricia Alli Eric
$3,200 $6,600 $0

Double Jeopardy! Round responses

2008
A QUESTION OF FILM
SCIENCE LAB
INTERNAL RHYME TIME
(Alex: All the syllables rhyme in each response.)
5 CHARACTERS IN SEARCH OF THEIR AUTHORS
AARON, JUDGE
    $400 5
the euro

Eric
    $400 6
Ryan Gosling

Patricia
    $400 11
white blood cells

Alli
    $400 30
murder

Patricia
    $400 20
Harper Lee

Eric
    $400 21
all rise

Eric
    $800 4
Beijing

Eric
    $800 7
"Why so serious?"

Eric
    $800 12
density

Eric
    $800 29
undone

Alli
    $800 16
(Patricia: Who is... uh, Bronte?)
...
(Alex: In Pride and Prejudice.)

(Jane) Austen

PatriciaEric
    $800 22
contempt

Patricia
    $1200 1
Grant Park

Triple Stumper
    $1200 8
(Alli: What is a pilot?)

a stormtrooper

AlliEric
    $1200 13
proteins

Alli
    $2,400 26
(Patricia: Um.. what is...)

mayday

Patricia
    $1,400 17
(Alex: From Metamorphosis.)

(Franz) Kafka

Eric
    $1200 23
hearsay

Triple Stumper
    $1600 2
(Fidel) Castro

Alli
    $1600 9
Steve Jobs

Eric
    $1600 14
the Galvanic skin response

Triple Stumper
    $1600 27
to dismiss

Triple Stumper
    $1600 18
(Alex: My Antonia.)

Willa Cather

Triple Stumper
    $1600 24
the docket

Triple Stumper
    $2000 3
the Hadron Collider

Eric
    $2000 10
snakes

Eric
    $2000 15
plasma

Alli
    $2000 28
waylay

Triple Stumper
    $2000 19
(Alex: The Book Thief by [*].)

Markus Zusak

Triple Stumper
    $2000 25
nolo contendere

Triple Stumper

Scores at the end of the Double Jeopardy! Round:

Patricia Alli Eric
$1,600 $11,400 $12,600

Final Jeopardy! Round responses

U.S. PLACE NAMES
(Alex: [To Alli] And the capital of that state is Annapolis.)
PatriciaWhat is Wyoming???
$1,600
AlliWhat is Maryland?
$8,201
EricWhat is... Virginia
$800
Maryland

Final scores:

Patricia Alli Eric
$0 $19,601 $11,800
3rd place: $5,000 if eliminated Automatic semifinalist 2nd place: $5,000 if eliminated

Game dynamics:

Coryat scores:

Patricia Alli Eric
$4,000 $11,400 $14,000
9 R,
3 W
(including 1 DD)
18 R,
1 W
16 R
(including 1 DD),
2 W
(including 1 DD)

Combined Coryat: $29,400

The J! Archive is created by fans, for fans. The Jeopardy! game show and all elements thereof, including but not limited to copyright and trademark thereto, are the property of Jeopardy Productions, Inc. and are protected under law. This website is not affiliated with, sponsored by, or operated by Jeopardy Productions, Inc. Join the discussion at JBoard.tv.